书目信息 |
| 题名: |
四旋翼飞行器设计与实现
|
|
| 作者: | 王瑞 , 丁晓青 编著 | |
| 分册: | ||
| 出版信息: | 北京 清华大学出版社 2018 |
|
| 页数: | 177页 | |
| 开本: | 24cm | |
| 丛书名: | ||
| 单 册: | ||
| 中图分类: | V275 | |
| 科图分类: | ||
| 主题词: | 旋翼机--设计 | |
| 电子资源: | ||
| ISBN: | 978-7-302-48964-1 | |
| 000 | 01319nam0 2200253 450 | |
| 001 | 296 | |
| 005 | 20180921162018.17 | |
| 010 | @a978-7-302-48964-1@dCNY49.00 | |
| 100 | @a20180819d2018 em y0chiy50 ea | |
| 101 | 0 | @achi |
| 102 | @aCN@b110000 | |
| 105 | @aa z 000yy | |
| 200 | 1 | @a四旋翼飞行器设计与实现@9si xuan yi fei xing qi she ji yu shi xian@dDesign and implementation of the quadrotors@f王瑞, 丁晓青编著@zeng |
| 210 | @a北京@c清华大学出版社@d2018 | |
| 215 | @a177页@c图@d24cm | |
| 300 | @a清华开发者书库 | |
| 330 | @a本书从四旋翼飞行器的历史和现状切入,通过阐述无人机的飞行原理、系统构成、通信协议等,向初学者介绍无人机入门的基础知识;从实际开发和应用入手,详细介绍了自主设计的四旋翼飞行器的硬件框架、常用硬件及其性能和用法、自主开发的软件系统设计以及飞行控制程序的开发与实践;另外,书中还展示了四旋翼飞行器的组装过程,提供了实现无人机平稳飞行的实用调试经验,列举了多项实际应用案例。全书致力于帮助读者从不会到会,自主搭建四旋翼飞行器、自主编写程序,并在自制的调试平台上分析数据和调节PID参数,列举了初次起飞时的常见问题及其解决方法,直到飞行器最终能平稳飞行。 | |
| 510 | 1 | @aDesign and implementation of the quadrotors@zeng |
| 606 | 0 | @a旋翼机@x设计 |
| 690 | @aV275@v5 | |
| 701 | 0 | @a王瑞@9wang rui@4编著 |
| 701 | 0 | @a丁晓青@9ding xiao qing@4编著 |
| 801 | 0 | @aCN@b91MARC@c20180819 |
| 905 | @aMuseLib@dV275@e53 | |
| 四旋翼飞行器设计与实现=Design and implementation of the quadrotors/王瑞, 丁晓青编著.-北京:清华大学出版社,2018 |
| 177页:图;24cm |
| 清华开发者书库 |
| ISBN 978-7-302-48964-1:CNY49.00 |
| 本书从四旋翼飞行器的历史和现状切入,通过阐述无人机的飞行原理、系统构成、通信协议等,向初学者介绍无人机入门的基础知识;从实际开发和应用入手,详细介绍了自主设计的四旋翼飞行器的硬件框架、常用硬件及其性能和用法、自主开发的软件系统设计以及飞行控制程序的开发与实践;另外,书中还展示了四旋翼飞行器的组装过程,提供了实现无人机平稳飞行的实用调试经验,列举了多项实际应用案例。全书致力于帮助读者从不会到会,自主搭建四旋翼飞行器、自主编写程序,并在自制的调试平台上分析数据和调节PID参数,列举了初次起飞时的常见问题及其解决方法,直到飞行器最终能平稳飞行。 |
| ● |
| 相关链接 |
|
|
|
|
正题名:四旋翼飞行器设计与实现
索取号:V275/53
 
预约/预借
| 序号 | 登录号 | 条形码 | 馆藏地/架位号 | 状态 | 备注 |
| 1 | 1119214 | 211192145 | 第二样本阅览室/ [索取号:V275/53] | 在馆 | |
| 2 | 1119215 | 211192154 | 第三借阅区/ [索取号:V275/53] | 在馆 | |
| 3 | 1119216 | 211192163 | 第三借阅区/ [索取号:V275/53] | 在馆 | |
| 4 | 1119217 | 211192172 | 密集书库-物理学院/ [索取号:V275/53] | 在馆 | |
| 5 | 1119218 | 211192181 | 第三借阅区/ [索取号:V275/53] | 在馆 |